Vplyv islamu na vývoj tureckej ekonomiky (2002 - 2020) diplomová práca

Gespeichert in:
Bibliographische Detailangaben
1. Verfasser: Jarinčíková, Silvia
Körperschaft: Fakulta medzinárodných vzťahov EU. Katedra medzinárodných politických vzťahov
Weitere Verfasser: Čech, Ľubomír, 1955-
Format: Buch
Sprache:Slowakisch
Veröffentlicht: Bratislava 2023
Tags: Tag hinzufügen
Keine Tags, Fügen Sie das erste Tag hinzu!

MARC

LEADER 00000nbm a2200000 4500
001 0293175
005 20240613082959.6
041 0 |a slo 
044 |a SK 
245 1 0 |a Vplyv islamu na vývoj tureckej ekonomiky (2002 - 2020)  |b diplomová práca  |c Silvia Jarinčíková ; školiteľ: Ľubomír Čech 
264 1 |a Bratislava  |c 2023 
300 |a 66 s. 
100 1 |a Jarinčíková, Silvia 
700 1 |a Čech, Ľubomír, 1955- 
710 2 |a Fakulta medzinárodných vzťahov EU. Katedra medzinárodných politických vzťahov